00880nam a22002537a 45000010005000000030006000050050017000110080041000280400029000690500015000980820010001131000036001232450106001592500041002652600029003063000045003355050007003805200122003875210018005095210018005276500021005456500025005667000035005917843FISKH20250812080954.0250812b cb ||||| |||| 00| 0 eng d aFISKHbengcFISKHdFISKH aPZ7.G759 W a823.8 aGrahame, Kennethd(1859–1932) aThe wind in the willows /cKenneth Grahame ; Adapted by Lesley Sims ; Illustrated by Mauro Evangelisa aThis edition first published in 2007 aLondon :bUsborne,c2007 a64 pages :bcolor illustrations ;c20 cm aP  aThe escapades of four animal friends who live along a river in the English countryside--Toad, Mole, Rat, and Badger. 8 a640 bLexile 8 aP bRaz-Plus  2AnimalsaFantasy 2LiteratureaClassics aEvangelisa, Maurodillustrator